|
|
|
|
| LEADER |
04122nam a22003973i 4500 |
| 001 |
EBC7101358 |
| 003 |
MiAaPQ |
| 005 |
20240729202204.0 |
| 006 |
m o d | |
| 007 |
cr cnu|||||||| |
| 008 |
240729s2014 xx o ||||0 ger d |
| 020 |
|
|
|a 9783428574377
|q (electronic bk.)
|
| 020 |
|
|
|z 9783428174379
|
| 035 |
|
|
|a (MiAaPQ)EBC7101358
|
| 035 |
|
|
|a (Au-PeEL)EBL7101358
|
| 035 |
|
|
|a (OCoLC)1348483772
|
| 040 |
|
|
|a MiAaPQ
|b eng
|e rda
|e pn
|c MiAaPQ
|d MiAaPQ
|
| 100 |
1 |
|
|a Socialpolitik, Verein für.
|
| 245 |
1 |
0 |
|a Untersuchungen über Preisbildung :
|b Abteilung B: Preisbildung Für Gewerbliche Erzeugnisse. Erster Teil. (Schriften des Vereins Für Sozialpolitik 142-I).
|
| 250 |
|
|
|a 1st ed.
|
| 264 |
|
1 |
|a Berlin :
|b Duncker & Humblot,
|c 2014.
|
| 264 |
|
4 |
|c {copy}1912.
|
| 300 |
|
|
|a 1 online resource (260 pages)
|
| 336 |
|
|
|a text
|b txt
|2 rdacontent
|
| 337 |
|
|
|a computer
|b c
|2 rdamedia
|
| 338 |
|
|
|a online resource
|b cr
|2 rdacarrier
|
| 490 |
1 |
|
|a Duncker and Humblot Reprints Series
|
| 505 |
0 |
|
|a Intro -- Vorbemerkung -- Inhaltsverzeichnis -- Über Gestehungskosten im Buchdruckgewerbe (mit Einschluß des Buchhandels und der Papiermacherei). Von Dr. rer. pol. Theodor Francken -- Inhaltsverzeichnis -- Einleitung: Anlaß und Methode dieser Untersuchung -- Erster Abschnitt: Die Grundkosten -- Erstes Kapitel: Die Arbeitsstoffe -- 1. Das Papier -- 2. Die Hilfsstoffe des Druckgewerbes außer Papier -- Zweites Kapitel: „Herstellungs"-Löhne -- 3. Der deutsche Druckereilohntarif -- 4. Lohnhöhe und Arbeitszeit -- 5. Die Teuerung als Ursache der Lohnerhöhung und ihre Äußerung im einzelnen Betrieb und im Auslande -- Drittes Kapitel: Die übrigen Grundkosten -- 6. Arbeiterversicherungskosten und ordentliche Abschreibungen -- Zweiter Abschnitt: Die Ergänzungskosten -- 7. Begriffliches und Allgemeines -- 8. Die Generalunkosten -- 9. Veränderungen innerhalb der Ergänzungskosten selbst (technischer Fortschritt) -- Dritter Abschnitt: Die Warenabsatzkosten -- 10. Begriffliches und Allgemeines -- 11. Der Preistarif -- 12. Mittel zur Stabilisierung und Erweiterung des Absatzmarktes -- Vierter Abschnitt: Der Aufschlag -- 13. Begriffliches und Allgemeines -- 14. Angebot und Nachfrage -- 15. Der Aufschlag des Buchhandels -- Schluß: Ergebnisse dieser Untersuchung -- Einfluß der Konjunkturen auf die Preisentwicklung der unedlen Metalle und der Steinkohlen seit 1890. Von Dr. Lothar Hertel -- Inhaltsverzeichnis -- I. Periode: 1891-1894 -- II. Periode: 1895-1900 -- III. Periode: 1901-1903 -- IV. Periode: Die Zeit nach 1903 -- Graphische Durstellungen -- Schluß -- Tabellen -- Quellenangaben -- Die Preisgestaltung der inländischen Braunkohlen seit 1890 in den Oberbergamtsbezirken Bonn und Halle. Von Dr. phil. Johannes Schrader -- Inhalt -- Kurze Darstellung der Entwicklung des deutschen Braunkohlenbergbaues.
|
| 505 |
8 |
|
|a Erster Teil. Allgemeiner Überblick über die Entwicklung der Preise der inländischen Braunkohlen -- Zweiter Teil. Die einzelnen Momente, welche auf die Preisbildung von Einfluß sind -- Erstes Kapitel. Die für den Preis maßgebenden Momente der Produktion -- 1. Die Löhne -- 2. Die Lasten der sozialpolitischen Gesetzgebung -- 3. Sonstige Gestehungskosten -- Zweites Kapitel. Die für den Preis maßgebenden Momente im Handel -- 1. Angebot und Nachfrage -- 2. Der Wettbewerb anderer Kohlenarten -- 3. Das Tarifwesen -- 4. Das Kartellwesen -- 5. Der Einfluß des Zwischenhandels.
|
| 588 |
|
|
|a Description based on publisher supplied metadata and other sources.
|
| 590 |
|
|
|a Electronic reproduction. Ann Arbor, Michigan : ProQuest Ebook Central, 2024. Available via World Wide Web. Access may be limited to ProQuest Ebook Central affiliated libraries.
|
| 655 |
|
4 |
|a Electronic books.
|
| 776 |
0 |
8 |
|i Print version:
|a Socialpolitik, Verein für
|t Untersuchungen über Preisbildung
|d Berlin : Duncker & Humblot,c2014
|z 9783428174379
|
| 797 |
2 |
|
|a ProQuest (Firm)
|
| 830 |
|
0 |
|a Duncker and Humblot Reprints Series
|
| 856 |
4 |
0 |
|u https://ebookcentral.proquest.com/lib/matrademy/detail.action?docID=7101358
|z Click to View
|